000 01027nam a2200313 a 4500
999 _c358
_d358
005 20191224041525.0
008 140220t1993 gw a gr|||| 00| 0 eng d
020 _a3925382364
040 _aCO-BoIAVH
_cCO-BoIAVH
041 _aeng
044 _agx
082 4 _a574.524
_bB28a
090 _aLB
_b00338
100 1 _aBarthlott, Wilhelm
245 1 _aAnimal-plant interactions in tropical environments
_bAnnual Meeting of the German Society for Tropical Ecology
260 _aBonn
_bZoologisches forschungsinstitut und Museum Alexander Koenig
_c1993
300 _a227 paginas.:
_bilustraciones;
_c23 x 16 cm
650 4 _aInteracción planta-animal
650 4 _aInteracción biológica
650 4 _aFrugivoría
650 4 _aDispersión
650 4 _aEcosistemas tropicales
650 4 _aInventarios
650 4 _aCoevolución
700 1 _aNaumann, C. M
700 1 _aSchmidt, Loske
700 1 _aSchuchmann,, K. L
942 _cLIBRO
_2ddc
_01